Ykköspesis-joukkueet: logovisa - Statistics

Yleistilastot
  • Tätä visaa on pelattu 22 kertaa
    9 viimeisimmän päivityksen jälkeen
  • Keskiarvotulos 14 / 29
Vastaustilastot
Kuvavisa Vastaus % Oikein
Jyväskylän Kiri
86%
Kankaanpään Maila
86%
Janakkalan Jana
71%
Jyväskylän Lohi
71%
Kouvolan Pallonlyöjät 2
71%
Pesäkarhut-Akatemia
71%
Seinäjoen Maila-Jussit
71%
Siilinjärven Pesis
71%
Alajärven ankkurit
57%
Haminan Palloilijat
57%
Oulun Lippo
57%
Puijon Pesis
57%
Seinäjoen Maila-Jussit
57%
Jokilaakson Pesäkuula
43%
Kannuksen Ura
43%
Koskenkorvan Urheilijat
43%
Lappajärven Veikot
43%
Simon Kiri
43%
Ylivieskan Kuula
43%
Ikaalisten Tarmo
29%
Kajaanin Pallokerho
29%
Kirittäret Talent
29%
Kuusankosken Puhti
29%
Pattijoen Urheilijat
29%
Pesä Ysit
29%
Puna-Mustat
29%
Siilinjärven Pesis
29%
Tyrnävän Tempaus
29%
Viinijärven Urheilijat
14%
Ehtoja vastaavia visoja ei löytynyt
Tulosjakauma
Jokaisen tuloksen saaneiden osuus
Persentiili vastausten määrän mukaan
Tuloshistoriasi
Et ole pelannut tätä visaa sen viimeisimmän päivityksen jälkeen